| 000 | 00405nam a22001697a 4500 | ||
|---|---|---|---|
| 003 | CEME | ||
| 005 | 20210628205225.0 | ||
| 008 | 210216b xxu||||| |||| 00| 0 eng d | ||
| 020 | _a81-7169-488-8 | ||
| 040 | _c. | ||
| 082 | _a025.43 KOC'L | ||
| 100 |
_aKochar, R. S _99030 |
||
| 245 | _aLibrary classification systems | ||
| 260 |
_bCOMMONWEALTH PUBLISHER _c1998 |
||
| 300 | _a236P | ||
| 942 |
_cBK _2ddc |
||
| 999 |
_c579986 _d579986 |
||